<?xml version="1.0" encoding="UTF-8"?>
<marc:record xmlns:marc="http://www.loc.gov/MARC21/slim" type="Bibliographic">
   <marc:leader>00000nam a2200000 c 4500</marc:leader>
   <marc:controlfield tag="001">96171400X</marc:controlfield>
   <marc:controlfield tag="003">DE-101</marc:controlfield>
   <marc:controlfield tag="005">20171203111800.0</marc:controlfield>
   <marc:controlfield tag="007">tu</marc:controlfield>
   <marc:controlfield tag="008">010601s2001    gw ||||| |||| 00||||ger  </marc:controlfield>
   <marc:datafield ind1=" " ind2=" " tag="015">
      <marc:subfield code="a">01,A28,0773</marc:subfield>
      <marc:subfield code="2">dnb</marc:subfield>
   </marc:datafield>
   <marc:datafield ind1="7" ind2=" " tag="016">
      <marc:subfield code="2">DE-101</marc:subfield>
      <marc:subfield code="a">96171400X</marc:subfield>
   </marc:datafield>
   <marc:datafield ind1=" " ind2=" " tag="020">
      <marc:subfield code="a">9783466365654</marc:subfield>
      <marc:subfield code="c">kart. : DM 38.00, EUR 19.43</marc:subfield>
      <marc:subfield code="9">978-3-466-36565-4</marc:subfield>
   </marc:datafield>
   <marc:datafield ind1=" " ind2=" " tag="020">
      <marc:subfield code="a">3466365651</marc:subfield>
      <marc:subfield code="c">kart. : DM 38.00, EUR 19.43</marc:subfield>
      <marc:subfield code="9">3-466-36565-1</marc:subfield>
   </marc:datafield>
   <marc:datafield ind1=" " ind2=" " tag="035">
      <marc:subfield code="a">(DE-599)DNB96171400X</marc:subfield>
   </marc:datafield>
   <marc:datafield ind1=" " ind2=" " tag="035">
      <marc:subfield code="a">(OCoLC)76226636</marc:subfield>
   </marc:datafield>
   <marc:datafield ind1=" " ind2=" " tag="040">
      <marc:subfield code="a">1240</marc:subfield>
      <marc:subfield code="b">ger</marc:subfield>
      <marc:subfield code="c">DE-101</marc:subfield>
      <marc:subfield code="d">9999</marc:subfield>
   </marc:datafield>
   <marc:datafield ind1=" " ind2=" " tag="041">
      <marc:subfield code="a">ger</marc:subfield>
   </marc:datafield>
   <marc:datafield ind1=" " ind2=" " tag="043">
      <marc:subfield code="c">XA-DE</marc:subfield>
   </marc:datafield>
   <marc:datafield ind1=" " ind2=" " tag="044">
      <marc:subfield code="c">XA-DE</marc:subfield>
   </marc:datafield>
   <marc:datafield ind1=" " ind2=" " tag="084">
      <marc:subfield code="a">22</marc:subfield>
      <marc:subfield code="a">12</marc:subfield>
      <marc:subfield code="a">51</marc:subfield>
      <marc:subfield code="a">370</marc:subfield>
      <marc:subfield code="q">DE-101</marc:subfield>
      <marc:subfield code="2">sdnb</marc:subfield>
   </marc:datafield>
   <marc:datafield ind1=" " ind2=" " tag="084">
      <marc:subfield code="a">3.2</marc:subfield>
      <marc:subfield code="a">12.4</marc:subfield>
      <marc:subfield code="a">12.3</marc:subfield>
      <marc:subfield code="a">6.4</marc:subfield>
      <marc:subfield code="a">3.5bb</marc:subfield>
      <marc:subfield code="q">DE-101</marc:subfield>
      <marc:subfield code="2">sswd</marc:subfield>
   </marc:datafield>
   <marc:datafield ind1=" " ind2=" " tag="090">
      <marc:subfield code="a">b</marc:subfield>
   </marc:datafield>
   <marc:datafield ind1="1" ind2=" " tag="100">
      <marc:subfield code="0">(DE-588)118165968</marc:subfield>
      <marc:subfield code="0">http://d-nb.info/gnd/118165968</marc:subfield>
      <marc:subfield code="0">(DE-101)118165968</marc:subfield>
      <marc:subfield code="a">Langenhorst, Georg</marc:subfield>
      <marc:subfield code="d">1962-</marc:subfield>
      <marc:subfield code="e">Verfasser</marc:subfield>
      <marc:subfield code="4">aut</marc:subfield>
   </marc:datafield>
   <marc:datafield ind1="0" ind2="0" tag="245">
      <marc:subfield code="a">Gedichte zur Bibel</marc:subfield>
      <marc:subfield code="b">Texte - Interpretationen - Methoden ; ein Werkbuch für Schule und Gemeinde</marc:subfield>
      <marc:subfield code="c">Georg Langenhorst</marc:subfield>
   </marc:datafield>
   <marc:datafield ind1=" " ind2=" " tag="250">
      <marc:subfield code="a">1. Aufl.</marc:subfield>
   </marc:datafield>
   <marc:datafield ind1=" " ind2=" " tag="259">
      <marc:subfield code="a">11</marc:subfield>
   </marc:datafield>
   <marc:datafield ind1=" " ind2="1" tag="264">
      <marc:subfield code="a">München</marc:subfield>
      <marc:subfield code="b">Kösel</marc:subfield>
      <marc:subfield code="c">2001</marc:subfield>
   </marc:datafield>
   <marc:datafield ind1=" " ind2=" " tag="300">
      <marc:subfield code="a">279 S.</marc:subfield>
      <marc:subfield code="b">Ill.</marc:subfield>
      <marc:subfield code="c">24 cm</marc:subfield>
   </marc:datafield>
   <marc:datafield ind1=" " ind2=" " tag="336">
      <marc:subfield code="a">Text</marc:subfield>
      <marc:subfield code="b">txt</marc:subfield>
      <marc:subfield code="2">rdacontent</marc:subfield>
   </marc:datafield>
   <marc:datafield ind1=" " ind2=" " tag="337">
      <marc:subfield code="a">ohne Hilfsmittel zu benutzen</marc:subfield>
      <marc:subfield code="b">n</marc:subfield>
      <marc:subfield code="2">rdamedia</marc:subfield>
   </marc:datafield>
   <marc:datafield ind1=" " ind2=" " tag="338">
      <marc:subfield code="a">Band</marc:subfield>
      <marc:subfield code="b">nc</marc:subfield>
      <marc:subfield code="2">rdacarrier</marc:subfield>
   </marc:datafield>
   <marc:datafield ind1=" " ind2=" " tag="500">
      <marc:subfield code="a">Literaturverz. S. 273 - 275</marc:subfield>
   </marc:datafield>
   <marc:datafield ind1="0" ind2="7" tag="630">
      <marc:subfield code="0">(DE-588)4006406-2</marc:subfield>
      <marc:subfield code="0">http://d-nb.info/gnd/4006406-2</marc:subfield>
      <marc:subfield code="0">(DE-101)040064069</marc:subfield>
      <marc:subfield code="a">Bibel</marc:subfield>
      <marc:subfield code="2">gnd</marc:subfield>
   </marc:datafield>
   <marc:datafield ind1=" " ind2="7" tag="648">
      <marc:subfield code="a">Geschichte 1900-1995</marc:subfield>
      <marc:subfield code="2">gnd</marc:subfield>
   </marc:datafield>
   <marc:datafield ind1=" " ind2="7" tag="650">
      <marc:subfield code="0">(DE-588)4113292-0</marc:subfield>
      <marc:subfield code="0">http://d-nb.info/gnd/4113292-0</marc:subfield>
      <marc:subfield code="0">(DE-101)041132920</marc:subfield>
      <marc:subfield code="a">Deutsch</marc:subfield>
      <marc:subfield code="2">gnd</marc:subfield>
   </marc:datafield>
   <marc:datafield ind1=" " ind2="7" tag="650">
      <marc:subfield code="0">(DE-588)4036774-5</marc:subfield>
      <marc:subfield code="0">http://d-nb.info/gnd/4036774-5</marc:subfield>
      <marc:subfield code="0">(DE-101)040367746</marc:subfield>
      <marc:subfield code="a">Lyrik</marc:subfield>
      <marc:subfield code="2">gnd</marc:subfield>
   </marc:datafield>
   <marc:datafield ind1=" " ind2="7" tag="650">
      <marc:subfield code="0">(DE-588)4049422-6</marc:subfield>
      <marc:subfield code="0">http://d-nb.info/gnd/4049422-6</marc:subfield>
      <marc:subfield code="0">(DE-101)040494225</marc:subfield>
      <marc:subfield code="a">Religionsunterricht</marc:subfield>
      <marc:subfield code="2">gnd</marc:subfield>
   </marc:datafield>
   <marc:datafield ind1=" " ind2="7" tag="650">
      <marc:subfield code="0">(DE-588)4077347-4</marc:subfield>
      <marc:subfield code="0">http://d-nb.info/gnd/4077347-4</marc:subfield>
      <marc:subfield code="0">(DE-101)040773477</marc:subfield>
      <marc:subfield code="a">Sekundarstufe</marc:subfield>
      <marc:subfield code="2">gnd</marc:subfield>
   </marc:datafield>
   <marc:datafield ind1="0" ind2="0" tag="689">
      <marc:subfield code="0">(DE-588)4113292-0</marc:subfield>
      <marc:subfield code="0">http://d-nb.info/gnd/4113292-0</marc:subfield>
      <marc:subfield code="0">(DE-101)041132920</marc:subfield>
      <marc:subfield code="D">s</marc:subfield>
      <marc:subfield code="a">Deutsch</marc:subfield>
   </marc:datafield>
   <marc:datafield ind1="0" ind2="1" tag="689">
      <marc:subfield code="0">(DE-588)4036774-5</marc:subfield>
      <marc:subfield code="0">http://d-nb.info/gnd/4036774-5</marc:subfield>
      <marc:subfield code="0">(DE-101)040367746</marc:subfield>
      <marc:subfield code="D">s</marc:subfield>
      <marc:subfield code="a">Lyrik</marc:subfield>
   </marc:datafield>
   <marc:datafield ind1="0" ind2="2" tag="689">
      <marc:subfield code="0">(DE-588)4006406-2</marc:subfield>
      <marc:subfield code="0">http://d-nb.info/gnd/4006406-2</marc:subfield>
      <marc:subfield code="0">(DE-101)040064069</marc:subfield>
      <marc:subfield code="D">u</marc:subfield>
      <marc:subfield code="a">Bibel</marc:subfield>
   </marc:datafield>
   <marc:datafield ind1="0" ind2="3" tag="689">
      <marc:subfield code="A">z</marc:subfield>
      <marc:subfield code="a">Geschichte 1900-1995</marc:subfield>
   </marc:datafield>
   <marc:datafield ind1="0" ind2="4" tag="689">
      <marc:subfield code="0">(DE-588)4049422-6</marc:subfield>
      <marc:subfield code="0">http://d-nb.info/gnd/4049422-6</marc:subfield>
      <marc:subfield code="0">(DE-101)040494225</marc:subfield>
      <marc:subfield code="D">s</marc:subfield>
      <marc:subfield code="a">Religionsunterricht</marc:subfield>
   </marc:datafield>
   <marc:datafield ind1="0" ind2="5" tag="689">
      <marc:subfield code="0">(DE-588)4077347-4</marc:subfield>
      <marc:subfield code="0">http://d-nb.info/gnd/4077347-4</marc:subfield>
      <marc:subfield code="0">(DE-101)040773477</marc:subfield>
      <marc:subfield code="D">s</marc:subfield>
      <marc:subfield code="a">Sekundarstufe</marc:subfield>
   </marc:datafield>
   <marc:datafield ind1="0" ind2=" " tag="689">
      <marc:subfield code="5">DE-101</marc:subfield>
      <marc:subfield code="5">DE-101</marc:subfield>
   </marc:datafield>
   <marc:datafield ind1=" " ind2=" " tag="850">
      <marc:subfield code="a">DE-101a</marc:subfield>
      <marc:subfield code="a">DE-101b</marc:subfield>
   </marc:datafield>
   <marc:datafield ind1="r" ind2=" " tag="925">
      <marc:subfield code="a">ra</marc:subfield>
   </marc:datafield>
</marc:record>
